Основные причины возникновения ЧС на коммунально-энергетических сетях; Прогрессивные технологии и экономика в машиностроении

書誌詳細
Parent link:Прогрессивные технологии и экономика в машиностроении.— 2015.— [С. 738-740]
第一著者: Осинская Е. С.
団体著者: Национальный исследовательский Томский политехнический университет (ТПУ) Юргинский технологический институт (филиал) (ЮТИ) Кафедра безопасности жизнедеятельности, экологии и физического воспитания (БЖДЭФВ)
その他の著者: Пеньков А. И. Александр Иванович (научный руководитель)
要約:Заглавие с экрана
言語:ロシア語
出版事項: 2015
シリーズ:Экология, безопасность и охрана труда на предприятии
主題:
オンライン・アクセス:http://earchive.tpu.ru/handle/11683/17877
http://www.lib.tpu.ru/fulltext/c/2015/C57/322.pdf
フォーマット: 電子媒体 図書の章
KOHA link:https://koha.lib.tpu.ru/cgi-bin/koha/opac-detail.pl?biblionumber=612016

MARC

LEADER 00000naa2a2200000 4500
001 612016
005 20231101132703.0
035 |a (RuTPU)RU\TPU\conf\10018 
035 |a RU\TPU\conf\10017 
090 |a 612016 
100 |a 20150429d2015 k y0rusy50 ca 
101 0 |a rus 
102 |a RU 
105 |a y z 100zy 
135 |a drgn ---uucaa 
181 0 |a i  
182 0 |a b 
200 1 |a Основные причины возникновения ЧС на коммунально-энергетических сетях  |f Е. С. Осинская  |g науч. рук. А. И. Пеньков 
203 |a Текст  |c электронный 
215 |a 1 файл(267 Кб) 
225 1 |a Экология, безопасность и охрана труда на предприятии 
230 |a Электронные текстовые данные (1 файл: 267 Кб) 
300 |a Заглавие с экрана 
320 |a [Библиогр.: с. 740 (12 назв.)] 
337 |a Adobe Reader 
463 1 |0 (RuTPU)RU\TPU\conf\9525  |t Прогрессивные технологии и экономика в машиностроении  |o сборник трудов VI Всероссийской научно-практической конференции для студентов и учащейся молодежи, 9-11 апреля 2015 г., Юрга  |f Национальный исследовательский Томский политехнический университет (ТПУ), Юргинский технологический институт (ЮТИ) ; под ред. Д. А. Чинахова  |v [С. 738-740]  |d 2015 
610 1 |a электронный ресурс 
610 1 |a труды учёных ТПУ 
610 1 |a чрезвычайные ситуации 
610 1 |a коммунально-энергетические сети 
700 1 |a Осинская  |b Е. С. 
702 1 |a Пеньков  |b А. И.  |c специалист в области экологии и безопасности жизнедеятельности  |c старший преподаватель Юргинского технологического института (филиал) Томского политехнического университета  |f 1963-  |g Александр Иванович  |2 stltpush  |4 727 
712 0 2 |a Национальный исследовательский Томский политехнический университет (ТПУ)  |b Юргинский технологический институт (филиал) (ЮТИ)  |b Кафедра безопасности жизнедеятельности, экологии и физического воспитания (БЖДЭФВ)  |h 2240  |2 stltpush  |3 (RuTPU)RU\TPU\col\18930 
801 1 |a RU  |b 63413507  |c 20101016 
801 2 |a RU  |b 63413507  |c 20210212  |g RCR 
856 4 |u http://earchive.tpu.ru/handle/11683/17877 
856 4 |u http://www.lib.tpu.ru/fulltext/c/2015/C57/322.pdf 
942 |c BK